000 02963cam a2200493 4500
003 PE-LiUPU
005 20250731173124.0
020 _a0967717108
035 _a(Sirsi) i9780967717104
041 _aen
049 _aPRUA
050 0 4 _aBX6153
_b.S65 2000
082 0 4 _a286.732
_bS77
245 0 4 _aThe spirit of sacrifice Commitment /
_cEditado por James R. Nix y Fylvia Fowler Kline.
264 1 _aNampa, Idaho :
_bPacific Press Publishing Association,
_c2000.
300 _a243 páginas ;
_c20 centímetros.
336 _atext
_2rdacontent
337 _aunmediated
_2rdamedia
338 _avolume
_2rdacarrier
504 _aIncluye Bibliografía
505 0 _aThe Millerite Adventist Movement: William Miller. Joseph Bates. Charles Fitch. Leonard Hastings. Joshua V. Himes. James White. Camp meeting at exeter, New Hampshire. Preparing for the "great disappointment". Millerite faith in action. Early sabbath-keeping Adventism: Acceptance of the seventh-day sabbath. The first publications. The indefatigable "captain Bates". Sacrifice and the sabbath conference. Commitment of early pioneers. Happenings in rochester, New York. The Battle Creak years. Adventism goes west. Sabbath keepers settle in California. Pacific Press, Oakland, California. Personal Commitments: John N. Andrews. Mary Andrews. John O. Corliss. Stephen N. Haskell. Anna Knight. Alma McKibbin. Percy T. Magan. John G. Matterson. Washington Morse. William A. Spicer. R. A. Underwood. James and Ellen White. Conversions in the south: A church for slaves. Whipped and shot for their faith. Trouble on the yazoo river. Framed for murder. Educatinal Institutions. Avondale College. Oakwood College. Atlantic Union college. Health Institutions: Battle Creek sanatarium. Loma Linda University. Problems with sabbath observance: Tennessee chain gangs. Newspaper comments.
526 _aSEG42
526 _aSEG41
526 _aSEG40
526 _aSEG39
526 _aP94
526 _aP87
526 _aP86
526 _aP85
526 _aP77
526 _aP76
526 _aP35
610 2 4 _aAdventistas del Séptimo Día
_xPioneros.
700 1 _aKline, Fylvia Fowler
_eed.
700 1 _aNix James R.
_eed.
910 _aaj
_bgl
_cop
_d20030217
942 _2ddc
_cBOOK
949 _a286.732 S77
_wDEWEY
_c1
_i51086
_f2017-2-15
_g1
_lCIAE7
_mBUL
_p10.00
_r0
_sY
_tBOOK
_u2015-6-24
_xTEOLOGIA
_PP35
_0COMPRA
_o.STAFF. Colección General
949 _aBX6153 .S65 2000
_wLC
_c1
_i65409
_lCIA
_mBWL
_r1
_sY
_tBOOK
_u2016-8-23
_xWHITE
_zUNKNOWN
_0COMPRA
_o.STAFF. Centro White
596 _a1 4
999 _a286.732 S77
_wDEWEY
_c32779
_i51086
_d32779
_e2018-9-26
_f2021-11-11
_g6
_lCCODEBUL1
_mBUL
_n1
_p10.00
_r0
_sY
_tBOOK
_u2015-6-24
_xTEOLOGIA
_PP35
_0COMPRA
_o.STAFF. Colección General
999 _a286.732 S77 2000
_wLC
_c1
_iCW65409
_f2021-12-22
_g2
_lCCODECWL1
_mBWL
_r1
_sY
_tBOOK
_u2016-8-23
_xWHITE
_zUNKNOWN
_0COMPRA
_o.STAFF. Centro White
980 _81
_gALBERTO SANCHEZ Responsable de Automatización